| 000 | 00313nam a2200109Ia 4500 | ||
|---|---|---|---|
| 008 | 230907s9999||||xx |||||||||||||| ||und|| | ||
| 082 |
_a697 _bSUG |
||
| 100 |
_aSugarman, Samuel _9118051 |
||
| 245 |
_aTesting and balancing hvac air and water systems / _cSamuel Sugarman. |
||
| 260 | _c2019-09-27 | ||
| 942 |
_2ddc _cEB |
||
| 999 |
_c599673 _d599673 |
||